000 00307nam a22001337a 4500
008 171101b xxu||||| |||| 00| 0 eng d
020 _a9780078210372
041 _aeng
080 _210 ED
_a33
100 _a59
101 _aBUS
245 _aBUSINESS WTIH UCC APPLICATION
_cSUKYS.P.A
942 _2udc
_cBK
999 _c36939
_d36939